| 000 | 00645nam a2200241Ia 4500 | ||
|---|---|---|---|
| 001 | 1002 | ||
| 003 | GE_BSU | ||
| 008 | 181216s||||||||xx |||||||||||||| ||und|| | ||
| 040 | _cGE_BSU | ||
| 080 | _a91 | ||
| 100 | _aХанвелл,ДЖ; Ньюсон,М; | ||
| 245 | _aМетоды географических исследований. | ||
| 245 | _bФизическая география | ||
| 250 | _aВып.2 | ||
| 260 | _aМосква | ||
| 260 | _bПрогресс | ||
| 260 | _c1977 | ||
| 300 | _a390 с. | ||
| 541 | _h8 л. | ||
| 653 | _aГеография | ||
| 653 | _aФизическая география. | ||
| 942 | _cBK | ||
| 999 |
_c35159 _d35159 |
||